| 000 | 00489nam a2200157Ia 4500 | ||
|---|---|---|---|
| 005 | 20250319152548.0 | ||
| 008 | 231217s9999 xx 000 0 und d | ||
| 020 | _a9788171887675 | ||
| 082 | _a001.2072 NKC;1 R | ||
| 100 | _aGovt. of India, National Knowledge Commission | ||
| 245 | 0 | _aRecommendations of the national knowledge commission | |
| 260 |
_c2009 _bAcademic Foundation _aNew Delhi |
||
| 300 | _a354 | ||
| 650 | _aRecommendations,national,knowledge,commission | ||
| 942 | _cAA | ||
| 999 |
_c183736 _d183736 |
||